[Event "Cheliabinsk Panchenko Memorial op"]
[Site "Cheliabinsk"]
[Date "2019.09.16"]
[Round "8"]
[White "Drozdov, Maksim"]
[Black "Gumenniy, Evgeny"]
[Result "1-0"]
[WhiteElo "1580"]
[BlackElo "1940"]
[PlyCount "65"]
[EventDate "2019.09.09"]
[EventType "swiss"]
[EventRounds "9"]
[EventCountry "RUS"]
[SourceTitle "EXT 2020"]
[Source "ChessBase"]
[SourceDate "2019.10.17"]
[SourceVersion "1"]
[SourceVersionDate "2019.10.17"]
[SourceQuality "1"]

1. d4 d5 2. c4 e6 3. Nc3 c6 4. e3 Nf6 5. Nf3 Nbd7 6. Bd2 Bd6 7. Qc2 0-0 8. Bd3 Qe7 9. 0-0 Re8 10. e4 dxc4 11. Bxc4 e5 12. Rae1 exd4 13. e5 Nxe5 14. Nxe5 Bxe5 15. f4 dxc3 16. Rxe5 Qb4 17. Qxc3 Qxc3 18. Bxc3 Be6 19. Bxe6 fxe6 20. f5 Kf7 21. g4 h6 22. h4 Nd5 23. fxe6+ Kg8 24. Bd4 b6 25. g5 h5 26. g6 Rad8 27. Rf7 Nf6 28. Bc3 Rd1+ 29. Kg2 Rd6 30. e7 Nd5 31. Rxg7+ Kxg7 32. Rxd5+ Rf6 33. Rf5 1-0

[Event "Cheliabinsk Panchenko Memorial op"]
[Site "Cheliabinsk"]
[Date "2019.09.11"]
[Round "3"]
[White "Drozdov, Maksim"]
[Black "Galiev, Ernest"]
[Result "1/2-1/2"]
[WhiteElo "1580"]
[BlackElo "1875"]
[PlyCount "60"]
[EventDate "2019.09.09"]
[EventType "swiss"]
[EventRounds "9"]
[EventCountry "RUS"]
[SourceTitle "EXT 2020"]
[Source "ChessBase"]
[SourceDate "2019.10.17"]
[SourceVersion "1"]
[SourceVersionDate "2019.10.17"]
[SourceQuality "1"]

1. d4 d5 2. c4 e6 3. Nc3 c6 4. cxd5 exd5 5. Bf4 Bd6 6. Bxd6 Qxd6 7. Nf3 Bf5 8. Qb3 Qe7 9. e3 Nf6 10. Be2 0-0 11. 0-0 Ne8 12. Ne5 Nd6 13. Na4 Nd7 14. Nxd7 Qxd7 15. Nc5 Qe7 16. Rac1 Rfe8 17. Bd3 Bxd3 18. Qxd3 Qh4 19. Qd1 Re7 20. Qf3 h5 21. b3 Qg5 22. Qg3 Qh6 23. a4 Kh8 24. Rfe1 Rg8 25. Nd3 g5 26. Qf3 f6 27. a5 a6 28. Red1 Qg6 29. Nc5 f5 30. Nd3 Nf7 1/2-1/2